Wayang kulit & dondang sayang (Record no. 133498)

MARC details
000 -LEADER
fixed length control field 01157nam a2200289 i 4500
001 - CONTROL NUMBER
control field C2-0335308
003 - CONTROL NUMBER IDENTIFIER
control field PPAK
005 - DATE AND TIME OF LATEST TRANSACTION
control field 20180728134742.0
008 - FIXED-LENGTH DATA ELEMENTS--GENERAL INFORMATION
fixed length control field 160104s2007 my a|||| ||||| | may d
020 ## - INTERNATIONAL STANDARD BOOK NUMBER
International Standard Book Number 9789833389254
040 ## - CATALOGING SOURCE
Original cataloging agency PPAK
Language of cataloging eng
Transcribing agency PPAK
Description conventions rda
082 04 - DEWEY DECIMAL CLASSIFICATION NUMBER
Classification number 306.409595
Edition number 23
090 00 - LOCALLY ASSIGNED LC-TYPE CALL NUMBER (OCLC); LOCAL CALL NUMBER (RLIN)
Classification number (OCLC) (R) ; Classification number, CALL (RLIN) (NR) 306.409595
Feature heading ANI
Feature heading K
Classification number (OCLC) (R) ; Classification number, CALL (RLIN) (NR) 306.409595
Feature heading ANI
Feature heading RK
100 0# - MAIN ENTRY--PERSONAL NAME
Personal name Anis Nadhirah,
Relator term author
245 10 - TITLE STATEMENT
Title Wayang kulit & dondang sayang
264 #1 - PRODUCTION, PUBLICATION, DISTRIBUTION, MANUFACTURE, AND COPYRIGHT NOTICE
Place of production, publication, distribution, manufacture Petaling Jaya, Selangor :
Name of producer, publisher, distributor, manufacturer Penerbit Femina ,
Date of production, publication, distribution, manufacture, or copyright notice 2007
300 ## - PHYSICAL DESCRIPTION
Extent 30 pages :
Other physical details colour photographs ;
Dimensions 27 cm
336 ## - CONTENT TYPE
Source rdacontent
Content type term text
337 ## - MEDIA TYPE
Source rdamedia
Media type term unmediated
338 ## - CARRIER TYPE
Source rdacarrier
Carrier type term volume
490 1# - SERIES STATEMENT
Series statement Koleksi bacaan seni budaya
500 ## - GENERAL NOTE
General note Includes glossary ; Bibliography pages : 30520 \\
-- Malaysia merupakan sebuah negara yang kaya dengan khazanah seni budaya. Walaupun kebanyakan seni budaya ini mencorakkan kehidupan harian masyarakat pada suatu ketika dahulu, namun kini arus pemodenan seolah-olah menyelubungi keind
650 10 - SUBJECT ADDED ENTRY--TOPICAL TERM
Topical term or geographic name entry element Malays social life and customs. ; Shadow puppets. ; Dondang sayang.
830 #0 - SERIES ADDED ENTRY--UNIFORM TITLE
Uniform title Koleksi bacaan seni budaya
942 ## - ADDED ENTRY ELEMENTS (KOHA)
-- dc
Koha item type Book
Holdings
Withdrawn Not for loan Current library Shelving location Date acquired Full call number Barcode Date last seen Koha item type
  Not For Loan Perpustakaan Pendang Rujukan Kanak-kanak 31/01/2016 RK 306.409595 ANI A00876756 09/05/2018 Book
    PD04, Kg. Bukit Nambua, Kuala Nerang Pinjaman Kanak-kanak 12/03/2017 K 306.409595 ANI A00730157 09/05/2018 Book
  Not For Loan PD19, KEDA Bendang Perang, Kota Setar Rujukan Kanak-kanak 07/06/2016 RK 306.409595 ANI A00878441 09/05/2018 Book